Регионална библиотека "Любен Каравелов" - Русе

Ъндърграунд 1 (Запис номер 80396)

MARC детайли
000 -Лидер
Контролно поле с фиксирана дължина 01979nam a2200433 c 4500
003 - Код на организацията, давaща контролен номер
Контролно поле BLK
005 - Дата и час на последна редакция
Контролно поле 20250104113818.0
008 - Елементи от данни с фиксирана дължина
fixed length control field 180408b bul|||||r ||||||| ||bul||
010 ## - Наследен системен номер
LC control number KNG00084882000
020 ## - Международен стандартен номер на книга ISBN
Международен стандартен номер на книга ISBN 978-954-92098-2-2
-- издат.: Кайлас
040 ## - Източник на каталожния запис
Идентификатор на билиотеката - собственик на записа BLK
041 ## - Код за език
Код за езика на текст/звукозапис или на отделно заглавие Български
Код за езика КДБФ Български
080 ## - УДК
Текстов определител УДК Вътрешна политика. Вж и 329
УДК код - определител по УДК 323
УДК определител (497.2)(092)
УДК - код + определител 323(497.2)(092)
080 ## - УДК
Текстов определител УДК Специална част на наказателното право. Видове наказуеми действия - Срещу собствена или чужда държава и управлението, политически престъпления,геноцид(прав.аспекти), наркотрафик, против мира, обществен
УДК код - определител по УДК 343.3/.7
УДК определител (497.2)(092)
УДК - код + определител 343.3/.7(497.2)(092)
080 ## - УДК
Текстов определител УДК Биографии
УДК код - определител по УДК 929
УДК определител (497.2)
УДК - код + определител 929(497.2)
100 1# - Редна дума - Автор
Автор Лилов, Григор Тодоров
Авторска отговорност първи автор
R(LIN) 291602
139 ## - Редно поле
Редна дума Лилов, Григор Тодоров
Авторски знак Лил - Л 58
245 10 - Сведения за заглавието
Заглавие Ъндърграунд 1
Подзаглавни данни Доктора ; Самоковеца
Редно поле (дума) Григор Тодоров Лилов.
257 ## - Страна на издаване
Страна на създаване/издаване България
260 ## - Област на издателските данни
-- София
Име на издателя, разпространителя и проч. Кайлас
Година на издаване 2008
300 ## - Физическа характеристика
Страници 238 с.
Илюстрации и др. със сн.
Размери/Мащаб 20 см
380 ## - Жанр
Жанр Обществени науки
590 ## - Забележки на библиотеката, притежаваща документа (RLIN)
Служебно ф
650 #4 - Допълнително описание по предмет – тема
Основно описание – тема или топоним Мафия - България
9 (RLIN) 250884
650 #4 - Допълнително описание по предмет – тема
Основно описание – тема или топоним Организирана престъпност - България
9 (RLIN) 277782
650 #4 - Допълнително описание по предмет – тема
Основно описание – тема или топоним Икономически групировки - България
9 (RLIN) 299643
651 #4 - Допълнително описание по предмет - топоним
Географско понятие България
9 (RLIN) 241624
653 ## - Ключова дума – ненормативна
Ключова дума мафия
653 ## - Ключова дума – ненормативна
Ключова дума организирана престъпност
653 ## - Ключова дума – ненормативна
Ключова дума престъпници
653 ## - Ключова дума – ненормативна
Ключова дума Доктора
653 ## - Ключова дума – ненормативна
Ключова дума Самоковеца
852 ## - Местоположение
Форматна сигнатура Цб 240775
856 4# - Електронен адрес и достъп
Електронен формат pdf - файл
Път до файла /url/
856 4# - Електронен адрес и достъп
Електронен формат pdf - файл
Път до файла /url/
942 ## - АРТИКУЛИ
Вид на библиотечния материал Книги
Скрит в OPAC Не
Koha issues (borrowed), all copies 2
944 ## - СЪЗДАВАНЕ И РЕДАКЦИЯ на ЗАПИСА
Създаване/Редакция Създаване
Дата на регистрацията/редакция 18.08.2008
Служител, извършил регистрацията/редакцията 30553
Статус, дата на статуса Иваничка Йорданова
944 ## - СЪЗДАВАНЕ И РЕДАКЦИЯ на ЗАПИСА
Създаване/Редакция Редакция
Дата на регистрацията/редакция 16.07.2009
Служител, извършил регистрацията/редакцията
999 ## - СИСТЕМНИ КОНТРОЛНИ НОМЕРА
Koha biblionumber 80396
Koha biblioitemnumber 80396
Наличности
Код за отписване Код за изгубен артикул Код за повреда Коз за рестрикции Код за отдаване Артикулен № Име на библиотеката - собственик Име на библиотеката, в която се намира в момента Статус (Текущо местоположение) Дата на вписване в системата Местоположение - отдел Цена в лева Инвентарен номер Систематично азбучна сигнатура Баркод Номер на екземпляра Цена в евро Служебна бележка Служебен тип на артикула Източник на класификационната схема
Изтеглен Не е изгубен Не е повреден без рестрикции заемане за дома 130333 Регионална библиотека "Любен Каравелов" Русе Регионална библиотека "Любен Каравелов" Русе Заемна - подръчен фонд 2008-08-18 Заемна - подръчен фонд 7.90 120000728043 П 323(497.2)(092)/Л 58 120000728043 1 4.04 Дост: Pk Вид: Ф N: 197 Дата: 07.08.2008 Дата инв: 02.02.2018 Бележки инв: П2018 Книги  
Изтеглен Не е изгубен Не е повреден без рестрикции заемане за дома 130334 Регионална библиотека "Любен Каравелов" Русе Регионална библиотека "Любен Каравелов" Русе Заемна - подръчен фонд 2008-08-18 Заемна - подръчен фонд 7.90 120000728044 П 323(497.2)(092)/Л 58 120000728044 2 4.04 Дост: Pk Вид: Ф N: 197 Дата: 07.08.2008 Дата инв: 02.02.2018 Бележки инв: П2018 Книги Universal Decimal Classification
  Не е изгубен Не е повреден без рестрикции заемане за дома 130335 Регионална библиотека "Любен Каравелов" Русе Регионална библиотека "Любен Каравелов" Русе Заемна - подръчен фонд 2008-10-29 Заемна - подръчен фонд 7.90 120000730962 П 323(497.2)(092)/Л 58 120000730962 3 4.04 Дост: Pk Вид: Ф N: 9068 Дата: 22.10.2008 Дата инв: 02.02.2018 Бележки инв: П2018 Книги  
  Не е изгубен Не е повреден само за читалня ползва се в читалня 130336 Регионална библиотека "Любен Каравелов" Русе Регионална библиотека "Любен Каравелов" Русе Хранилище 2008-10-29 Основен фонд - ползва се само за читалня 7.90 120000730963 Цб 312792 120000730963 4 4.04 Дост: Pk Вид: Ф N: 9068 Дата: 22.10.2008 Дата инв: 02.02.2018 Бележки инв: П2018 Книги Universal Decimal Classification
Vip Innovations Ltd, Rousse, Bulgaria 2025